Miasto walczy o wolność
| Titel: | Miasto walczy o wolność : obrona Lwowa w latach 1918 - 1919 / Rosa Bailly |
|---|---|
| Verfasser: | |
| Veröffentlicht: | Lublin : Wydawn. Nobertinum, 2011 |
| Umfang: | 388 Seiten : Illustrationen, Karten |
| Format: | Buch |
| Sprache: | Polnisch |
| Schriftenreihe/ mehrbändiges Werk: |
O Polsce z daleka ; 2 |
| Einheitssachtitel: | A city fights for freedom |
| ISBN: | 9788372224422 |
| Hinweise zum Inhalt: |
Inhaltsverzeichnis
|
alg: 29094549 001A $03004:05-03-12 001B $06055:13-03-26 $t19:51:06.000 001D $03004:14-05-12 001U $0utf8 001X $00 002@ $0Aau 002C $aText $btxt $2rdacontent 002D $aohne Hilfsmittel zu benutzen $bn $2rdamedia 002E $aBand $bnc $2rdacarrier 003@ $0290945496 004A $A978-83-7222-442-2 007A $0290945496 $aHEB 007G $0DE0201A474AD112ECF621C1257A02004BA29E 007T $0Herdhh290945496 009P $qapplication/pdf $A2 $3Inhaltsverzeichnis $uhttp://scans.hebis.de/HEBCGI/show.pl?29094549_toc.pdf $mV:DE-603;B:DE-Mb50 010@ $apol 011@ $a2011 021A $aMiasto walczy o wolność $dobrona Lwowa w latach 1918 - 1919 $hRosa Bailly 022A $aA @city fights for freedom 028A $BVerfasser $4aut $7128849088 $8Bailly, Rosa$Z1890-1976 [Tp1] $9119565137 033A $pLublin $nWydawn. Nobertinum 034D $a388 Seiten 034M $aIllustrationen, Karten 036E $aO Polsce z daleka $l2 036F $x12 $8O Polsce z daleka $9300957696 $l2 044K $#Lemberg $#Львів $#Leontopolis $#Leopolis $#Leopoli $#Léopol $#Lwów $#Lwow $#L'vov $#Lwiw $#L'viv $#Lʹviv vor 1919 $#Lviv $#Lvovas $D20251120 $Ecgmnf $74035304-7 $8Lemberg [Tg1] $9085095230 045F $a900.9438609041 $eDDC23BSB 045F/01 $a900 045F/03 $f09041 045F/03 $f09033 045F/03 $f09034 045F/03 $g4386 045F/03 $g438 lok: 29094549 24 101B $014-05-12 $t11:39:44.000 101C $014-05-12 101U $0utf8 145Z/01 $a37 8 L 1 145Z/02 $a37 7 K exp: 29094549 24 1 #EPN 201B/01 $014-05-12 $t11:40:03.000 201C/01 $005-03-12 201U/01 $0utf8 203@/01 $0639054269 208@/01 $a14-05-12 $bz 209A/01 $a12.02368 $du $f050 $h12 02368 $x00 209C/01 $a12.02368 K $h12 02368 K 209G/01 $a73005264 $x00 220C/01 $anie 247C/01 $8358050-7Marburg, Bibliothek des Herder-Instituts Marburg $9102600961 lok: 29094549 78 exp: 29094549 78 1 #EPN 201B/01 $019-04-17 $t22:04:36.000 201U/01 $0utf8 203@/01 $0793889677 208@/01 $a12-11-16 $be 209A/01 $a/ $f000 $x00 237A/01 $aweiterführende Signatur(en): Herder-Institut: 12.02368 244Z/01 $2Trx $#Poola $#Lenkija $#Polija $#Polen Land $#Poland $#Lengyelország $#Poľsko $#Polsko $8--Trx--Polska$gkraj $x01 $9391345966 244Z/01 $2Trx $8--Trx--Monographie $x02 $9391384546 245Z/01 $a06.03.04 $x01 247C/01 $82080>Marburg/Lahn, Herder-Institut, Forschungsbibliothek, Bibliographieportal $9336309341
| LEADER | 00000cam a2200000 c 4500 | ||
|---|---|---|---|
| 001 | 290945496 | ||
| 003 | DE-603 | ||
| 005 | 20260313195106.0 | ||
| 007 | tu | ||
| 008 | 120305s2011 xx |||| | u00||u|pol c | ||
| 020 | |a 9788372224422 | ||
| 035 | |a (DE-599)HEB290945496 | ||
| 040 | |a DE-603 |b ger |c DE-603 |d DE-603 | ||
| 041 | |a pol | ||
| 082 | 0 | 4 | |8 1\u |a 900.9438609041 |q DE-101 |2 23/BSB |
| 085 | |8 1\u |b 900 | ||
| 085 | |8 1\u |z 1 |s 09041 | ||
| 085 | |8 1\u |z 1 |s 09033 | ||
| 085 | |8 1\u |z 1 |s 09034 | ||
| 085 | |8 1\u |z 2 |s 4386 | ||
| 085 | |8 1\u |z 2 |s 438 | ||
| 100 | 1 | |a Bailly, Rosa |d 1890-1976 |e Verfasser |4 aut |0 (DE-603)119565137 |0 (DE-588)128849088 |2 gnd | |
| 240 | 1 | 0 | |a A city fights for freedom |
| 245 | 0 | 0 | |a Miasto walczy o wolność |b obrona Lwowa w latach 1918 - 1919 |c Rosa Bailly |
| 264 | 1 | |a Lublin |b Wydawn. Nobertinum |c 2011 | |
| 300 | |a 388 Seiten |b Illustrationen, Karten | ||
| 336 | |a Text |b txt |2 rdacontent | ||
| 337 | |a ohne Hilfsmittel zu benutzen |b n |2 rdamedia | ||
| 338 | |a Band |b nc |2 rdacarrier | ||
| 490 | 1 | |a O Polsce z daleka |v 2 | |
| 651 | 7 | |a Lemberg |0 (DE-588)4035304-7 |0 (DE-603)085095230 |2 gnd | |
| 830 | 0 | |t O Polsce z daleka |v 2 |w (DE-603)300957696 |w (DE-600)2662529-5 |9 12 |7 as | |
| 856 | 4 | 2 | |m V:DE-603;B:DE-Mb50 |q application/pdf |u http://scans.hebis.de/HEBCGI/show.pl?29094549_toc.pdf |3 Inhaltsverzeichnis |
| 924 | 0 | |9 Mb 50 |a (DE-603)639054269 |b DE-Mb50 |c HES |d c |g 12.02368 | |
| 924 | 0 | |9 2080 |a (DE-603)793889677 |b DE-2080 |c HES |d d |g / | |


